Tempestade de guerra (Record no. 44666)

MARC details
000 -Etiqueta do registo
Valores 00817nam a2200265 4500
010 ## - Número ISBN
ISBN 9789897731587
010 ## - Número ISBN
ISBN 9789897731778
021 ## - Número do Depósito Legal
Código do país Portugal
Número 454901/19
100 ## - Dados gerais de processamento
Dados gerais 20190701d2019 m y0pory50030103ba
102 ## - País de publicação
País Portugal
200 1# - Titulo e menção de responsabilidade
Título próprio Tempestade de guerra
Primeira menção de responsabilidade Victoria Aveyard
Outras menções de responsabilidade trad. Teresa Martins Carvalho
205 ## - Menção da edição
Edição 1<U+00AA> ed
210 #9 - Publicação
Local de publicação Porto Salvo
Nome do editor Saída de Emergência,
Data de publicação 2019
215 ## - Descrição física 
Paginação / Volumes v.
Outras indicações físicas il.
Dimensões 23 cm
225 2# - Colecção 
Título próprio da colecção Bang!
Indicação de volume 314, 323
300 ## - Notas gerais 
Texto da nota 1ª. parte
304 ## - Nota relativa ao título
Texto de nota Tit. orig.: War Storm
675 ## - CDU
Notação 821.111(73)-3
Edição BN
Língua por
700 #1 - Autor principal (pessoa individual)
Apelido Aveyard,
Nome Victoria,
Datas 1990-
702 #1 - Autor secundário (pessoa individual)
Apelido Carvalho,
Nome Teresa Martins de
801 #0 - Fonte de origem
País PT
Agência BN
Regras de catalogação RPC
856 41 - Localização e acesso electrónico 
URL <a href="http://rnod.bnportugal.gov.pt/ImagesBN/winlibimg.aspx?skey=&doc=2025088&img=126848&save=true">http://rnod.bnportugal.gov.pt/ImagesBN/winlibimg.aspx?skey=&doc=2025088&img=126848&save=true</a>
990 ## - Elementos KOHA
Tipo de documento Livro
Holdings
Estado Biblioteca de origem Código de barras Cota Permissão de empréstimo Tipo de documento Empréstimo Forma de aquisição
  Biblioteca Municipal de Redondo 054104 821.111(73)-3 AVE   MON Biblioteca Municipal de Redondo  

Powered by Koha